000 00345nam a22001577a 4500
003 NUST
020 _a0815709307
038 _aKhadija
082 _a355.43
_bBET
100 _aBetts
_990639
245 _aSurprise Attack /
_cRichard K. Betts
260 _alahore
_bcombine printers
_c1987
300 _ap318
563 _aHB
942 _2ddc
_cBK
999 _c588835
_d588835